The epistle to the Romans. (Record no. 2962)

000 -LEADER
fixed length control field 00471nam a2200157 a 4500
001 - CONTROL NUMBER
control field :::00000691$&:&@@
003 - CONTROL NUMBER IDENTIFIER
control field OkBaRHE
005 - DATE AND TIME OF LATEST TRANSACTION
control field 20001025171523.0
008 - FIXED-LENGTH DATA ELEMENTS--GENERAL INFORMATION
fixed length control field s1935 j 000 0 eng u
040 ## - CATALOGING SOURCE
Transcribing agency
100 1# - MAIN ENTRY--PERSONAL NAME
Personal name Vine, W. E.
245 14 - TITLE STATEMENT
Title The epistle to the Romans.
260 ## - PUBLICATION, DISTRIBUTION, ETC. (IMPRINT)
Place of publication, distribution, etc London, Glasgow & Edinburgh
Name of publisher, distributor, etc Pickering & Inglis
Date of publication, distribution, etc 1935
942 ## - ADDED ENTRY ELEMENTS (KOHA)
Source of classification or shelving scheme
Koha item type Books
Copies
Withdrawn status Koha item type Not for loan Copy number Price effective from Shelving location Date acquired Damaged status Source of classification or shelving scheme Full call number Date last seen Lost status Barcode Permanent Location
 Books 12010-04-14General Stacks2010-04-14  BS 2665 .V4482018-03-28 691RHEMA Bible Training College